Name Dropping #21: Opera Composers #2 - Statistics

General Stats
  • This quiz has been taken 47 times
  • The average score is 17 of 25
Answer Stats
Hint Extra Hint Answer % Correct
Hector 1803–1869. Les Troyens (The Trojans) Berlioz
97%
Claude 1862–1918. Pelléas et Mélisande Debussy
94%
Henry 1659–1695. Dido and Aeneas Purcell
91%
Arnold 1874–1951. Moses und Aron Schoenberg
91%
Claudio c. 1567–1643. L'incoronazione di Poppea (The Coronation of Poppaea) Monteverdi
88%
Mikhail 1804–1857. Жизнь за царя (A Life for the Tsar) Glinka
85%
Giacomo 1858–1924. Madama Butterfly Puccini
85%
John 1947–. Nixon in China Adams
82%
Richard 1813–1883. Parsifal Wagner
82%
Gaetano 1797–1848. Lucia di Lammermoor Donizetti
73%
Ruggiero 1857–1919. Pagliacci (Clowns) Leoncavallo
73%
Vincenzo 1801–1835. Norma Bellini
70%
Jean-Philippe 1683–1764. La princesse de Navarre Rameau
70%
Richard 1864–1949. Salome Strauss
70%
Jean-Baptiste 1632–1687. Cadmus et Hermione Lully
64%
Pietro 1863–1945. Cavalleria rusticana (Rustic Chivalry) Mascagni
61%
Hans 1869–1949. Palestrina Pfitzner
61%
Jacopo 1561–1633. Euridice Peri
52%
Gustave 1860–1956. Louise Charpentier
45%
Fromental 1799–1862. La Juive (The Jewess) Halévy
45%
Antonio 1660–1725. Griselda Scarlatti
45%
Ambroise 1811–1896. Mignon Thomas
45%
George Alexander 1813–1887. Robin Hood Macfarren
39%
Francesco 1602–1676. Giasone (Jason) Cavalli
36%
Michael William 1808–1870. The Bohemian Girl Balfe
30%
No matching quizzes found
Score Distribution
Percent of People with Each Score
Percentile by Number Answered
Your Score History
You have not taken this quiz